000 00965 a2200229 4500
008 240605b mp ||||| |||| 00| 0 mon d
020 _a99929-0-994-3
035 _a2819
040 _aHE0623081
_bmon
_cMN-UlNLM
_dMN-UlNLM
_erda
041 _amon
042 _a4096
084 _2NNA
_a63.3(0)
_bД.893
100 _aФаган Б., Раднэр К., Лим Р., Коллинс Р., Паррот Д., Фриман Ж., Оувэри Р.
245 0 _aДэлхийн түүх
264 _aУБ.
_bМонсудар хэвлэлийн газар
_c2009
300 _a612х.
336 _2rdacontent
_atext
_btxt
337 _2rdamedia
_aunmediated
_bn
338 _2rdacarrier
_avolume
_bnc
650 _aДэлхийн түүх бол өнөөгийн бодит байдлыг бий болгосон үйл явдал, үзэл санаа, хүмүүсийн тухай фото зураг бүхий хамгийн шилдэг лавл...
942 _2NNA
_cBK
999 _c875331
_d875388